| 000 | 00000nam##2200000za#4500 |
| 001 | 9.646263 |
| 003 | CaOODSP |
| 005 | 20230202144024 |
| 007 | ta |
| 008 | 150407|1996||||xxc||||| f|0| 0 eng|d |
| 020 | |a0-662-24780-9 |
| 040 | |aCaOODSP|beng |
| 043 | |an-cn--- |
| 086 | 1 |aH72-21/147-1996E |
| 110 | 2 |aNational Clearinghouse on Family Violence (Canada). |
| 245 | 10|aSafety and savings: crime prevention through social development / |cIssued by the Economic Analysis Committee, National Crime Prevention Council, Canada. |
| 260 | |aOttawa - Ontario : |bHealth Canada. |c1996. |
| 300 | |a8p. : |breferences ; |c28 cm. |
| 563 | |aSoftcover |
| 590 | |a96-36|b1996-09-06 |
| 690 | 07|aCrime prevention|2gcpds |
| 775 | 08|tSécurité et économies: prévenir le crime par le biais du développement social / |w(CaOODSP)9.679829 |
| 776 | 0#|tSafety and savings : |w(CaOODSP)9.695722 |